Statistics for Bandwagon Quiz - Toronto Blue Jays

Click here to take the quiz!

General Stats

  • This quiz has been taken 7 times
  • The average score is 10 of 20

Answer Stats

HintAnswer% Correct
The Blue Jays are the second Canadian MLB team, after what former team?Montreal Expos
100%
How many World Series titles do the Blue Jays have?2
83%
What is the name of the ballpark where the Blue Jays play?Rogers Centre
83%
In what U.S. state did the Blue Jays play their home games during the COVID-19 pandemic?Florida
67%
The above stadium is famous for having what type of building built into center field?Hotel
67%
In what year did the Blue Jays win their first-ever World Series?1992
50%
The Blue Jays' current All-Star shortstop has a name that sounds like what Star Wars character?Boba Fett
50%
What is the name of the Blue Jays' Triple-A affiliate?Buffalo Bisons
50%
Who is the current manager of the Blue Jays?John Schneider
50%
The Blue Jays and what other MLB team are the only teams to be perfect in the World Series?Miami Marlins
50%
The Blue Jays are the only MLB team to play what national anthem?O Canada
50%
The Blue Jays' only two retired numbers are Jackie Robinson and what pitcher?Roy Halladay
50%
What is the name of the primary Blue Jays mascot?Ace
33%
The Blue Jays traditionally wear special red jerseys during which holiday?Canada Day
33%
What player hit a game-winning home run to win the 1993 World Series?Joe Carter
33%
What is the name of the Blue Jays' seventh-inning stretch song?OK Blue Jays
33%
Who is the Blue Jays' all-time home runs leader?Carlos Delgado
17%
What Blue Jays pitcher leads the team in all-time wins and strikeouts?Dave Stieb
17%
What longtime legendary Blue Jays announcer had his initials on Blue Jays jerseys?Tom Cheek
17%
Who is the Blue Jays' all-time hits leader?Tony Fernandez
17%

Score Distribution

Percentile by Number Answered

Percent of People with Each Score

Your Score History

You have not taken this quiz